000 00254nam a2200109Ia 4500
008 190907s9999||||xx |||||||||||||| ||und||
100 _aDavid A. Stamper
245 0 _aLocal Area Networks
260 _aUSA
_bMcGraw -Hill
_c1997
300 _a462
942 _cBK
999 _c6563
_d6563